000 00481nam a2200169Ia 4500
005 20250423101218.0
008 250422s9999 xx 000 0 und d
020 _a9789787927656
050 _aKZ 320.O5/
100 _aOlayemi D.Akinwumi
245 4 _aThe construct and reality of managing tertiary institution in multicutural setting in a digital Age.
260 _aLokoja
260 _bFed UNI printing press , Lokoja.
260 _c2022
300 _a284 p
942 _cBK
999 _c35629
_d35629